000 00519nam a2200181Ia 4500
003 OSt
005 20191228120917.0
008 190216s9999||||xx |||||||||||||| ||und||
020 _a9788121905312
040 _coclc
082 _a330
_bDEW/M
100 _aDewett, Kewal Krishan
_9524
245 0 _aModern Economic Theory /
_cKewal Krishan Dewett
260 _bShyamlal Charitable Trust,
_aNew Delhi:
_c2001.
300 _a741p
650 _aEconomics
942 _cBK
_2ddc
_h330
_iDEW/M
_k330
_mDEW/M
999 _c9238
_d9238